|
|
|
|
| LEADER |
00000nab a2200000 a 4500 |
| 001 |
vtls000511764 |
| 003 |
SK-MaSNL |
| 005 |
20260304094851.0 |
| 008 |
250425c1994 xo 0 slo |
| 015 |
|
|
|a SNBRB19rr/mm-uuuuu
|
| 035 |
|
|
|a CL0511902
|
| 035 |
|
|
|a urn:nbn:sk:snk-abdoth
|
| 035 |
|
|
|a (urnnbn)urn:nbn:sk:snk:ar-000ufi
|
| 035 |
|
|
|a (uuid)d99bea33-7941-4151-a119-83d664eebe7d
|
| 040 |
|
|
|a SNKBUCL
|b slo
|c SNKBUCL
|e AACR2
|
| 041 |
0 |
|
|a slo
|
| 044 |
|
|
|a xo
|c SK
|
| 080 |
|
|
|a 885.4-2
|2 1981
|
| 100 |
1 |
|
|a Kočan, Mikuláš,
|d 1946-
|4 aut
|9 222464
|
| 245 |
1 |
0 |
|a Diabol
|b Tragikomédia
|c Mikuláš Kočan
|c úv. František Juriga
|
| 650 |
0 |
7 |
|a divadelné hry
|2 snkbucl
|9 79680
|
| 655 |
|
7 |
|a články z novín a časopisov
|2 snkbucl
|9 267496
|
| 700 |
1 |
|
|a Juriga, František,
|d 1934-
|4 aui
|9 124901
|
| 773 |
0 |
|
|t Javisko
|g Roč. 26, č. 3 (1994), s. 17-36
|
| 850 |
|
|
|a Slovenská národná knižnica
|
| 852 |
|
|
|a Slovenská národná knižnica
|
| 954 |
|
|
|a odborná, vedecká literatúra pôvodná (slovenská)
|2 lita
|
| 958 |
|
|
|a article19
|
| 958 |
|
|
|a OND
|
| 958 |
|
|
|a RK
|
| 958 |
|
|
|a LX
|
| 958 |
|
|
|a EUIPO
|
| 992 |
|
|
|a RBX
|
| 999 |
|
|
|c 2829359
|d 2831289
|